| 000 | 00969cam a22002531 4500 | ||
|---|---|---|---|
| 001 | gs 28000208 | ||
| 003 | DLC | ||
| 005 | 20260227111332.0 | ||
| 008 | 790607s1928 ilua s000 0 eng | ||
| 010 | _ags 28000208 | ||
| 035 | _a(OCoLC)5045398 | ||
| 040 |
_aDLC _cTxCM _dDLC |
||
| 042 | _apremarc | ||
| 050 | 0 | 0 |
_aTN872.I3 _bR6 |
| 100 | 1 |
_aRoot, Towner Bowditch, _d1899- |
|
| 245 | 1 | 4 |
_aThe oil and gas resources of the Ava-Campbell Hill area, _cby Towner B. Root. |
| 260 |
_aUrbana, Ill., _bPrinted by authority of the state of Illinois, _c1928. |
||
| 300 |
_a27 p. _billus. |
||
| 410 | 2 | 0 |
_aIllinois State Geological Survey _tReport of Investigations _vno. 16 |
| 500 | _aAt head of title: State of Illinois. Department of Registration and Education. Division of the State Geological Survey. | ||
| 650 | 0 |
_aPetroleum _zIllinois, Southwestern. |
|
| 650 | 0 |
_aNatural gas _zIllinois, Southwestern. |
|
| 740 | 0 | _aAva-Campbell Hill area, Oil and gas resources of the. | |
| 999 |
_c26645 _d26645 |
||